000 00370nam a2200133Ia 4500
008 220217s9999||||xx |||||||||||||| ||und||
020 _a9788126525478
082 _a621.36 KAR
100 _aKarim, Mohammad A and Awwal, Abdul A
245 0 _aOptical Computing
260 _aWiley india
_bNew delhi
_c2012
300 _axiv;360
_b369
650 _aELECTRICAL SCIENCE
999 _c184109
_d184109